1680 1779 1923 1808 1403 1941 1488 1054 1797 1755 1320 1861 1251 1017 1320 1175 1343 1799 1447 1581 1875 1997 1025 1544 1425 1586 1314 1124 1974 1898 1903 1294 1026 1511 1700 1324 1615 1938 1372 1462 1781 1543 1494 1660 1810 1762 1630 1959 1149 1130 1562 1425 1776 1817 1845 1946 1326 1720 1156 1289 1937 1679 1106 1223 1106 1105 1809 1846 1893 1733 1941 1363 1167 1087 1462 1289 1427 1965 1605 1790 1542 1381 1426 1936 1889 1056 1348 1096 1502 1839 1560 1362 1096 1520 1515 1413 1205 1407 1020 BCNSPRNW ULIB Ver.6.0+V

เปลี่ยนเป็นภาษาไทย

Change to English
 แสดงรายละเอียดบรรณานุกรม
  กลับหน้าหลัก

Brief Record : Get Marc (ISO 2709) : E-mail record : QR code < ปิดหน้าต่าง
LEADER : 00000nam 2200000uu 4500
001    13399121659
003     ULIB
008    121128s2547||||th 000 0 tha d
020    ^a9749508033
060 04 ^aWC202^bส846ป 2547
100 0  ^aสุรเกียรติ อาชานานุภาพ
245 10 ^aปอดบวม ปอดอักเสบ =^bPneumonia /^cสุรเกียรติ อาชานานุภาพ
246 31 ^aPneumonia
250    ^aพิมพ์ครั้งที่ 1
260    ^aกรุงเทพฯ :^bหมอชาวบ้าน,^c2547
300    ^a32 หน้า :^bภาพประกอบ ;^c21 ซม.
440  0 ^a100 เรื่อง 100 โรค ;^vเรื่องที่ 46
440  0 ^aร้อยเรื่อง ร้อยโรค ;^vเรื่องที่ 46
650  7 ^aปอดอักเสบ
945    ^p50^l0^i16054
995    ^aกัณชพร
999 ^a ใช้งานได้ทุกระบบ
รายการนี้ยังไม่มีแท็ก
คุณยังไม่ได้ล็อกอิน คุณสามารถมีกิจกรรมร่วมกับเว็บไซต์ได้ แต่ต้องล็อกอินก่อน ::
  ล็อกอิน

รายการสื่อสารสนเทศ

ลำดับที่ ประเภท เลขเรียก/บาร์โค้ด สถานที่ สถานะ
1. วิทยาศาสตร์การแพทย์ และสุขภาพ
วิทยาศาสตร์การแพทย์ และสุขภาพ
WC202 ส846ป 2547  
  Barcode: 16054
ห้องสมุดวิทยาเขตสวรรค์ประชารักษ์
►หนังสือทั่วไป
บนชั้น

รายการใกล้เคียง
    ผู้แต่ง [สุรเกียรติ อาชานานุภาพ]

    หัวเรื่อง [ปอดอักเสบ]

BibComment


ยังไม่เคยถูกคอมเมนท์

คอมเมนท์ทรัพยากรรายการนี้
  คอมเมนท์: ปอดบวม ปอดอักเสบ..


 Copyright 2026. Bcnsprnw @Library